000 00641nam a2200241Ia 4500
003 OSt
005 20221005022952.0
006 a|||||r|||| 00| 0
007 ta
008 221004b |||||||| |||| 00| 0 eng d
024 _a42033
037 _cTextual
040 _aCRL
_cCRL
_beng
041 _2eng
_aeng
082 _aO111,3N60,2, N6
100 _aTrevor Penelope
_9578918
245 0 _aListening for small sounds
260 _aAustralia
_bAllen and Unwin
_c1996
300 _a157p
_ccm.
650 _aENGLISH LITERATURE
942 _hO111,3N60,2, N6
_cTEXL
_2cc
999 _c930293
_d930293